000 01357nam1a22003251i 4500
001 v19\rc\1259086
005 20260406094313.0
035 _a(NLR Aleph) 004413801
090 _a4042748
_c4042748
100 _a20060306g18921893k||y0rusy50 ca
101 1 _arus
_clat
_bger
102 _aRU
105 _a| z |||||
200 1 _aИзбранные сочинения
_fЯ.А. Коменский
210 _aРевель
_cжурнал "Гимназия"
_d1892-1893
215 _a2 т
_d24
300 _aПеред загл. авт.: Я.А. Коменский
311 _aЧасть тиража вышла как прил. к журн. "Гимназия". 1892-1895
422 0 _12001#$aГимназия$e[журнал]$v1892-1895
_tГимназия
600 1 _aКоменский
_bЯ.А.
_f1592 - 1670
_gЯн Амос
_xПедагогические взгляды
_91356161
_3RU\NLR\AUTH\66566921
606 _aПедагогика
_9921924
_3RU\NLR\AUTH\6619222
686 0 _aЧ30я44-Коменский
_2rubbk
686 0 _aЧ33я42-271
_2rubbk
700 1 _8rus
_7ca
_aКоменский
_bЯ. А.
_f1592-1670
_gЯн Амос
_3RU\NLR\AUTH\7768663
_951591
801 0 _aRU
_bNLR
_gpsbo
801 1 _aRU
_bProSoft-M
_2rusmarc
801 2 _aRU
_bNLR
_c20131202
_2rusmarc
852 _aNLR
_jПр10 Б-7/З-2
852 _aNLR
_j2/260 (периодика)
942 _cBOOK